| 000 | 01046nam a22002177a 4500 | ||
|---|---|---|---|
| 999 |
_c62933 _d62933 |
||
| 003 | Ge_BSU | ||
| 005 | 20250325121816.0 | ||
| 008 | 250325s2015 ge ||||| |||| 00| 0 geo d | ||
| 020 | _a9789941075056 | ||
| 041 | _ageo | ||
| 080 | _a159.922.1-055.2 ჰ-81 | ||
| 100 |
_aჰორნი, კარენ _924674 |
||
| 245 |
_aქალის ფსიქოლოგია / _cკარენ ჰორნი; მთარგმნელი ნინა და მარინა თურმანიძეები; რედ. თ. თურმანიძე. |
||
| 264 |
_aთბილისი : _b"პეგა", _c2015. |
||
| 300 |
_a298 გვ.; _b20 სმ. |
||
| 653 | _aქალის ფსიქოლოგია | ||
| 700 |
_aთურმანიძე, ნინა _eმთარგმნელი _924675 |
||
| 700 |
_aთურმანიძე, მარინა _eმთარგმნელი _911864 |
||
| 700 |
_aთურმანიძე, თ. _eრედაქტორი _924676 |
||
| 942 |
_2udc _cᲬᲘᲒᲜᲘ |
||